Začínám si kreslit : zábava krok za krokem /

Hlavní autor: Ráž, Václav, 1967-
Jazyk: Čeština
Vydáno: Praha : Bambook, 2017
Vydání: První vydání
Témata:
Fyzický popis: 2 nečíslované strany, 30 nečíslovaných listů : ilustrace ; 29 cm
Knihy
Uloženo v:
LEADER 01508nam a2200433 i 4500
001 nkc20172932869
003 CZ PrNK
005 20180215092729.0
007 ta
008 170914s2017 xr a a 000 0 cze
015 |z cnb002932869 
020 |a 978-80-271-0654-7  |q (brožováno) 
040 |a BOA001  |b cze  |e rda 
072 7 |a 74  |x Kresba. Umělecká řemesla  |2 Konspekt  |9 21 
072 7 |a 0/9-053.2  |x Literatura pro děti a mládež (naučná)  |2 Konspekt  |9 26 
080 |a 741  |2 MRF 
080 |a (0.053.2)  |2 MRF 
080 |a (076.1)  |2 MRF 
100 1 |a Ráž, Václav,  |d 1967-  |7 mzk2010589747  |4 ill 
245 1 0 |a Začínám si kreslit :  |b zábava krok za krokem /  |c Václav Ráž 
250 |a První vydání 
264 1 |a Praha :  |b Bambook,  |c 2017 
300 |a 2 nečíslované strany, 30 nečíslovaných listů :  |b ilustrace ;  |c 29 cm 
336 |a text  |b txt  |2 rdacontent 
336 |a statický obraz  |b sti  |2 rdacontent 
337 |a bez média  |b n  |2 rdamedia 
338 |a svazek  |b nc  |2 rdacarrier 
650 0 7 |a kreslení  |7 ph121945  |2 czenas 
650 0 9 |a drawing  |2 eczenas 
655 7 |a publikace pro děti  |7 fd133156  |2 czenas 
655 7 |a pracovní sešity  |7 fd133116  |2 czenas 
655 9 |a children's literature  |2 eczenas 
655 9 |a activity books  |2 eczenas 
910 2 |a BOA001  |b 4-1397.139 
928 9 |a Grada Publishing - Bambook 
990 |a BK 
995 |a 11 
991 |b 201711  |c NOV 
996 6 |b 2610722616  |c 4-1397.139  |l MZK  |r Sklad / do 1 hodiny  |n 0  |p p.v.  |w 001636599  |u 000010  |a 1  |e BOA001  |j MZK50  |s P